=LDR 00000nam 2200000 4500 =001 INLIS000000000011290 =005 20130612102852 =008 ***********************************Ind** =035 ##$$0010-061300000011290 =041 ##$$a Ind =082 ##$$a 944.04 =090 ##$$a 944.04, Fur r =100 ##$$a Furet, Francois =245 ##$$a Revolusi Prancis, Fraocois Furut, Denis Richet =300 ##$$a Yogyakarta, Gajah Mada University, 1989 =650 ##$$a Sejarah- Prancics =700 ##$$a Richet,Denis =850 ##$$a NBPNMAT